| 000 | 00546cam a2200205ua 4500 | ||
|---|---|---|---|
| 020 |
_a81-7169-093-9 _c140.00 |
||
| 041 |
_aeng _h |
||
| 082 |
_a631.8 _bSAT/FE |
||
| 100 | _aSatish, S . | ||
| 245 |
_aFertiliser usage efficiencies : A micro level study / _cS.Satish. _hTextual Documents |
||
| 250 |
_a1 / _b. |
||
| 260 |
_aNew Delhi : _bCommonwealth publishers , _c1990. |
||
| 300 | _a113 ; . | ||
| 365 | _a140.00 | ||
| 504 | _a | ||
| 700 | 1 | _aHemasekharappa, S.P . | |
| 700 | 1 | _aSai, H.S . | |
| 942 | _cBK | ||
| 999 |
_c1904 _d1904 |
||